[Event "81st ch-BUL 2017"]
[Site "Montana BUL"]
[Date "2017.04.21"]
[Round "1.7"]
[White "Vasilev,M"]
[Black "Petrov,Vl5"]
[Result "0-1"]
[WhiteElo "2432"]
[BlackElo "2353"]

1.d4 Nf6 2.Bg5 e6 3.e4 h6 4.Bxf6 Qxf6 5.Nc3 d6 6.Qd2 Nd7 7.f4 a6 8.Nf3 b5 9.e5
Qd8 10.Bd3 Nb6 11.O-O-O d5 12.g4 c5 13.dxc5 Bxc5 14.f5 Qc7 15.Qf4 Bd7 16.Nd4
O-O-O 17.a4 Nc4 18.Rhe1 Qb6 19.Bf1 Kc7 20.axb5 axb5 21.fxe6 fxe6 22.Nxd5+ exd5
23.e6+ Bd6 24.Qf5 Rhf8 25.Qxd5 Bc6 26.Qh5 Bf4+ 27.Kb1 Rxd4 28.e7 Re8 29.Bxc4
Rxd1+ 30.Rxd1 bxc4 31.Qf5 Bd6 32.Qe6 Qc5 {#R} 0-1

[Event "ch-KAZ 2017"]
[Site "Almaty KAZ"]
[Date "2017.04.21"]
[Round "11.2"]
[White "Utegaliyev,A"]
[Black "Saiyn,Z"]
[Result "1-0"]
[WhiteElo "2516"]
[BlackElo "2395"]

1.e4 g6 2.Nc3 d6 3.g3 Bg7 4.Bg2 e5 5.Nge2 Nf6 6.O-O O-O 7.d3 c6 8.f4 Qb6+
9.Kh1 Ng4 10.Qe1 f5 11.h3 Nh6 12.b3 Re8 13.fxe5 dxe5 14.Bxh6 Bxh6 15.exf5 gxf5
16.g4 fxg4 17.Qh4 Qe3 18.Ne4 Nd7 19.N2g3 Rf8 {#r} 1-0

[Event "ch-KAZ 2017"]
[Site "Almaty KAZ"]
[Date "2017.04.21"]
[Round "11.5"]
[White "Saduakassova,D"]
[Black "Makhnyov,Denis"]
[Result "1-0"]
[WhiteElo "2449"]
[BlackElo "2379"]

1.d4 d5 2.c4 dxc4 3.Nf3 Nf6 4.e3 Bg4 5.Bxc4 e6 6.O-O Nbd7 7.b3 Be7 8.Bb2 O-O
9.Nbd2 c5 10.dxc5 Nxc5 11.Qe2 a6 12.a4 Rc8 13.Rfd1 Qb6 14.a5 Qc7 15.h3 Bh5
16.g4 Bg6 17.Ne5 Rfd8 18.Bd4 Nd5 19.Nxg6 hxg6 20.Rdc1 Nf4 21.Qf3 Bf6 22.Bxf6
Rxd2 23.Bc3 Nxb3 24.Bxd2 Nxh3+ 25.Qxh3 Nxd2 26.Be2 {#r} 1-0

[Event "20th Heraklion Open 2017"]
[Site "Heraklion GRE"]
[Date "2017.04.21"]
[Round "6.2"]
[White "Friedel,M"]
[Black "Antic,De"]
[Result "1-0"]
[WhiteElo "2182"]
[BlackElo "2472"]

1.c4 Nf6 2.g3 c5 3.Bg2 d5 4.cxd5 Nxd5 5.Nc3 Nc7 6.Nf3 Nc6 7.a3 e5 8.b4 f6
9.bxc5 Bxc5 10.O-O Be6 11.Rb1 Bb6 12.d3 O-O 13.Na4 Nd5 14.Nxb6 Nxb6 15.Be3 Rf7
16.Bxb6 axb6 17.Qc1 Ra5 18.Qb2 b5 19.Rfc1 Qd6 20.Rc3 b4 21.axb4 Ra2 22.Qc1
Rxe2 23.b5 Nd4 24.Rb2 Rxb2 25.Qxb2 b6 26.Nxd4 Qxd4 27.Qa3 Rd7 28.Rc6 Kf7 29.h4
Bf5 30.h5 Be6 31.Rc8 Qd6 32.Qa8 f5 33.Rh8 Kf6 34.Bc6 Rf7 35.Qd8+ Qxd8 36.Rxd8
Ra7 37.Rb8 Ra1+ 38.Kg2 Rd1 39.Rxb6 Rxd3 40.Ra6 {#r} 1-0

[Event "20th Heraklion Open 2017"]
[Site "Heraklion GRE"]
[Date "2017.04.21"]
[Round "6.5"]
[White "Damia,A"]
[Black "Bras,E"]
[Result "1-0"]
[WhiteElo "2417"]
[BlackElo "1898"]

1.c4 e5 2.Nc3 Nf6 3.f4 exf4 4.d4 Nh5 5.Nh3 g6 6.Qd3 Bg7 7.Qe4+ Qe7 8.Qxe7+
Kxe7 9.Nd5+ Kd8 10.Nhxf4 Nxf4 11.Bxf4 d6 12.Bg5+ Kd7 13.O-O-O c6 14.Nc3 f6
15.Bf4 Ke7 16.d5 g5 17.dxc6 gxf4 18.Nd5+ Kf7 19.Nc7 Nxc6 20.Nxa8 Bh6 21.Nc7
Bf5 22.Kd2 Ne5 23.b3 Ng4 24.Ke1 Ne3 25.Rxd6 Rc8 26.Nd5 b5 27.Rxf6+ Kg7 28.Nxe3
Kxf6 29.Nxf5 Kxf5 30.g3 bxc4 31.Bh3+ {#r} 1-0

[Event "20th Heraklion Open 2017"]
[Site "Heraklion GRE"]
[Date "2017.04.21"]
[Round "6.7"]
[White "Maris,Io"]
[Black "Sourgkounis,A"]
[Result "1-0"]
[WhiteElo "1967"]
[BlackElo "1960"]

1.e4 Nf6 2.e5 Nd5 3.d4 d6 4.c4 Nb6 5.exd6 exd6 6.Nf3 Be7 7.Nc3 O-O 8.Be2 Nc6
9.h3 Bf5 10.O-O Bf6 11.Be3 Re8 12.Rc1 d5 13.cxd5 Nb4 14.d6 cxd6 15.Qb3 a5
16.Rfd1 d5 17.Bb5 Re6 18.a3 Nc6 19.Na4 Nxa4 20.Qxa4 Rc8 21.Rc3 Be7 22.Rdc1 Rg6
23.Kf1 Be4 24.Bxc6 Rgxc6 25.Rxc6 bxc6 26.Ne5 Bd6 27.Nxc6 Qe8 28.b4 axb4
29.axb4 Bd3+ 30.Kg1 Bc4 31.Rxc4 dxc4 32.b5 Ra8 33.Qd1 h6 34.d5 Qe4 35.b6 Qd3
36.Qxd3 cxd3 37.g3 Ra1+ 38.Kg2 Rb1 39.Kf3 Rb2 40.Na5 Rb4 41.Nb7 d2 42.Ke2 Rb5
43.Nxd6 Rxd5 44.Kd1 {#r} 1-0

[Event "20th Heraklion Open 2017"]
[Site "Heraklion GRE"]
[Date "2017.04.21"]
[Round "6.12"]
[White "Mamoulakis,E"]
[Black "Galanakis,Nikos"]
[Result "1-0"]
[WhiteElo "2117"]
[BlackElo "1588"]

1.Nf3 b5 2.d4 Bb7 3.e3 a6 4.c4 bxc4 5.Bxc4 e6 6.Nc3 Nf6 7.O-O d6 8.d5 e5 9.e4
Nbd7 10.Qe2 Be7 11.h3 Nb6 12.Bd3 Qd7 13.Be3 O-O 14.Rac1 Rfb8 15.b3 Bd8 16.Nd2
Qe8 17.Nc4 Nxc4 18.Bxc4 Nd7 19.Bd3 Nb6 20.Rc2 f6 21.Rfc1 Qg6 22.Qg4 Qf7 23.f4
Bc8 24.Qg3 Nd7 25.f5 Nb6 26.Qf3 Bb7 27.Qe2 Kh8 28.a4 Kg8 29.a5 Nc8 30.b4 Ne7
31.b5 axb5 32.Nxb5 Rxa5 33.Nxc7 Bxc7 34.Rxc7 Qe8 35.Rb1 Nxd5 36.Rcxb7 Rxb7
37.Rxb7 Nxe3 38.Qxe3 h6 39.Qb6 Ra1+ 40.Kh2 Rd1 41.Rb8 {#r} 1-0

[Event "Reykjavik Open 2017"]
[Site "Reykjavik ISL"]
[Date "2017.04.22"]
[Round "5.13"]
[White "Ziska,H"]
[Black "Kavutskiy,K"]
[Result "1-0"]
[WhiteElo "2553"]
[BlackElo "2347"]

1.e4 c5 2.Nf3 e6 3.b3 b6 4.d4 cxd4 5.Nxd4 d6 6.Nc3 Nf6 7.Bb2 Be7 8.Qe2 a6 9.g4
Bb7 10.g5 Nfd7 11.h4 Nc6 12.Nxc6 Bxc6 13.O-O-O b5 14.Nd5 exd5 15.exd5 Bb7
16.Bxg7 Rg8 17.Bb2 Nb6 18.Qe4 Qc7 19.Bh3 Kf8 20.Rhe1 Rg6 21.f4 Re8 22.h5 Rg8
23.Qxh7 Nxd5 24.Qh6+ {#r} 1-0

[Event "Reykjavik Open 2017"]
[Site "Reykjavik ISL"]
[Date "2017.04.22"]
[Round "5.16"]
[White "Soumya,Sw"]
[Black "Bailet,P"]
[Result "0-1"]
[WhiteElo "2349"]
[BlackElo "2510"]

1.e4 e5 2.Nf3 Nc6 3.Bb5 a6 4.Ba4 Nf6 5.O-O Be7 6.d3 d6 7.c3 O-O 8.Re1 Nd7
9.Bc2 Nb6 10.d4 exd4 11.cxd4 Bg4 12.Nc3 Bf6 13.Ne2 Re8 14.a3 g6 15.h3 Bxf3
16.gxf3 Bg7 17.f4 Qf6 18.d5 Nb8 19.Rb1 N8d7 20.Be3 Qh4 21.Kg2 Bh6 22.f3 Nc4
23.Bf2 Qf6 24.Bd4 Qe7 25.Qd3 b5 26.b4 Bxf4 27.Nxf4 Qg5+ 28.Kf2 Qxf4 29.Rg1
Nde5 30.Bxe5 Rxe5 31.Rg3 Rae8 32.Re1 f5 33.Kg2 fxe4 34.fxe4 Rf8 35.Qe2 Rg5
36.Rxg5 Qxg5+ 37.Kh1 Qg3 {#R} 0-1

[Event "Reykjavik Open 2017"]
[Site "Reykjavik ISL"]
[Date "2017.04.22"]
[Round "5.17"]
[White "Perelshteyn,E"]
[Black "Gislason,G"]
[Result "1-0"]
[WhiteElo "2509"]
[BlackElo "2314"]

1.d4 g6 2.e4 Bg7 3.Nc3 d6 4.Be3 Nf6 5.Nf3 a6 6.h3 O-O 7.a4 b6 8.Bd3 e6 9.O-O
Bb7 10.Qd2 Nc6 11.Bh6 e5 12.d5 Ne7 13.Rfd1 Nd7 14.a5 Nc5 15.b4 Nxd3 16.cxd3 c6
17.dxc6 Bxc6 18.d4 bxa5 19.bxa5 Rc8 20.Bxg7 Kxg7 21.dxe5 dxe5 22.Nxe5 Qxd2
23.Rxd2 Ba8 24.Ra3 Rfd8 25.Rd7 Kf6 26.Ng4+ Ke6 27.Ra7 Rd6 28.Ne2 g5 29.e5 Rd1+
30.Kh2 Nc6 31.Rxa6 h5 32.Ne3 Rd2 33.Ng3 Rxf2 34.Nxh5 Rh8 35.Rd3 Rxh5 36.Rxa8
Nxe5 37.Re8+ {#r} 1-0

[Event "Reykjavik Open 2017"]
[Site "Reykjavik ISL"]
[Date "2017.04.22"]
[Round "5.18"]
[White "Firat,B"]
[Black "Kleinman,Michael"]
[Result "0-1"]
[WhiteElo "2503"]
[BlackElo "2289"]

1.d4 Nf6 2.c4 g6 3.Nc3 d5 4.Nf3 Bg7 5.Qb3 dxc4 6.Qxc4 O-O 7.e4 a6 8.Qa4 Bg4
9.Be2 Nc6 10.d5 b5 11.Qd1 Na5 12.e5 Nd7 13.e6 fxe6 14.Ng5 Bxe2 15.Qxe2 Nc5
16.Nxe6 Bxc3+ 17.bxc3 Qxd5 18.Nxf8 Qxg2 19.Rf1 Rd8 20.Qxe7 Nd3+ 21.Ke2 Qg4+
22.Kd2 Nb4+ {#R} 0-1

[Event "Reykjavik Open 2017"]
[Site "Reykjavik ISL"]
[Date "2017.04.22"]
[Round "5.24"]
[White "Thorfinnsson,Br"]
[Black "Guezennec,F"]
[Result "1-0"]
[WhiteElo "2457"]
[BlackElo "2271"]

1.d4 Nf6 2.Bf4 g6 3.Nc3 d6 4.e4 c6 5.Qd2 b5 6.Bd3 Nbd7 7.Nf3 Qc7 8.O-O e5
9.dxe5 dxe5 10.Bh6 a6 11.a4 b4 12.Nd1 c5 13.Bxf8 Kxf8 14.Qh6+ Kg8 15.Ne3 Bb7
16.Ng5 Rf8 17.Rad1 Ne8 18.Bc4 Ndf6 19.f3 Nd6 20.Nxh7 Rxh7 21.Qxg6+ Rg7 22.Qxf6
Ne8 23.Qd8 {#r} 1-0

[Event "Reykjavik Open 2017"]
[Site "Reykjavik ISL"]
[Date "2017.04.22"]
[Round "5.26"]
[White "Gorti,Akshita"]
[Black "Christiansen,Johan-Sebastian"]
[Result "0-1"]
[WhiteElo "2261"]
[BlackElo "2429"]

1.d4 e6 2.c4 Bb4+ 3.Nd2 Nf6 4.Nf3 O-O 5.a3 Be7 6.e4 d6 7.Be2 a5 8.b3 e5 9.O-O
exd4 10.Nxd4 Nfd7 11.Nb1 Bf6 12.Nc3 Nc5 13.Be3 Re8 14.f3 Be5 15.Bf2 Nc6
16.Ncb5 Ne7 17.Qc2 c6 18.Nc3 f5 19.Rad1 fxe4 20.fxe4 Ng6 21.Nf3 Qe7 22.Nxe5
dxe5 23.Be3 Ne6 24.Na4 Nd4 25.Bxd4 exd4 26.Rxd4 Be6 27.c5 Ne5 28.Rd6 Qg5
29.Qc3 Bg4 30.Bxg4 Nxg4 31.Nb6 Ne3 32.Rf2 Rf8 33.h4 Qg3 34.Rdd2 Rxf2 35.Rxf2
Rd8 36.Nd5 cxd5 37.Qd4 Ng4 {#R} 0-1

[Event "Reykjavik Open 2017"]
[Site "Reykjavik ISL"]
[Date "2017.04.22"]
[Round "5.30"]
[White "Tarjan,J"]
[Black "Laustsen,L"]
[Result "1-0"]
[WhiteElo "2414"]
[BlackElo "2169"]

1.e4 c5 2.Nf3 d6 3.d4 cxd4 4.Nxd4 Nf6 5.Nc3 a6 6.h3 e5 7.Nde2 h5 8.Nd5 Nxe4
9.Be3 Nd7 10.g3 Be7 11.Bg2 Nef6 12.Nec3 Rb8 13.Qd2 O-O 14.O-O-O Nxd5 15.Nxd5
Nf6 16.Bb6 Qe8 17.Bc7 Nxd5 18.Bxb8 Nb6 19.Qb4 Nc4 20.Bd5 Qb5 21.Qxc4 {#r} 1-0

[Event "Reykjavik Open 2017"]
[Site "Reykjavik ISL"]
[Date "2017.04.22"]
[Round "5.33"]
[White "Abrahamyan,T"]
[Black "Tunge,Christian"]
[Result "1-0"]
[WhiteElo "2364"]
[BlackElo "2055"]

1.e4 c5 2.Nf3 d6 3.d4 Nf6 4.Nc3 cxd4 5.Nxd4 g6 6.Be3 Bg7 7.f3 O-O 8.Qd2 Nc6
9.Bc4 Bd7 10.h4 Rc8 11.Bb3 h5 12.O-O-O Ne5 13.Bg5 Rc5 14.Kb1 Re8 15.g4 hxg4
16.h5 Nxh5 17.Rxh5 gxh5 18.Qh2 Nc4 19.Nd5 Rxd5 20.exd5 Qc8 21.Qxh5 Ne5 22.Bh6
Bf6 23.f4 Ng6 24.Ne6 a5 25.Rh1 Nh4 26.Rxh4 Bxh4 27.Qxg4+ {#r} 1-0

[Event "Reykjavik Open 2017"]
[Site "Reykjavik ISL"]
[Date "2017.04.22"]
[Round "5.34"]
[White "Louis,T"]
[Black "Shirov,A"]
[Result "0-1"]
[WhiteElo "2202"]
[BlackElo "2693"]

1.e4 c5 2.Nf3 Nc6 3.Bb5 e6 4.O-O Nge7 5.d4 cxd4 6.Nxd4 Qb6 7.Be3 Nxd4 8.Na3
Nec6 9.Bxc6 Qxb2 10.Nc4 Qc3 11.Ba4 Qxc4 12.Qxd4 Qxd4 13.Bxd4 b6 14.Rfd1 f6
15.Rd2 e5 16.Be3 Bb4 17.Rd5 Ke7 18.Rb1 Ba5 19.f4 d6 20.fxe5 dxe5 21.Bc6 Be6
22.Bxa8 Rxa8 23.Rxa5 bxa5 24.Rb7+ Bd7 25.Bc5+ Ke6 26.Rxa7 Rxa7 27.Bxa7 Bc6
28.c3 a4 29.Bc5 Bxe4 30.Kf2 f5 31.Bf8 g5 32.g3 Bd5 33.a3 f4 34.h4 e4 35.hxg5
e3+ 36.Ke2 Bc4+ 37.Kf3 e2 38.Kf2 fxg3+ 39.Ke1 Kf5 40.Bd6 g2 41.Bh2 Kxg5 42.Kf2
h5 {#R} 0-1

[Event "Reykjavik Open 2017"]
[Site "Reykjavik ISL"]
[Date "2017.04.22"]
[Round "5.35"]
[White "Kanmazalp,O"]
[Black "Karason,A"]
[Result "1-0"]
[WhiteElo "2448"]
[BlackElo "2289"]

1.e4 c5 2.Nf3 d6 3.Bb5+ Nc6 4.O-O Bd7 5.Re1 Nf6 6.c3 a6 7.Bf1 Bg4 8.h3 Bh5
9.g4 Bg6 10.d4 cxd4 11.cxd4 d5 12.exd5 Nxd5 13.Nc3 e6 14.Nxd5 Qxd5 15.Bg2
O-O-O 16.Ne5 Qxd4 17.Qf3 Qb4 18.Bf4 Nd4 19.Rac1+ Kb8 20.Nc6+ Ka8 21.Nxd4 Rxd4
22.Rc8+ Ka7 23.Bb8+ Kb6 24.Qxb7+ Ka5 25.Bc7+ {#r} 1-0

[Event "Reykjavik Open 2017"]
[Site "Reykjavik ISL"]
[Date "2017.04.22"]
[Round "5.37"]
[White "Saptarshi,R"]
[Black "Buchenau,F"]
[Result "0-1"]
[WhiteElo "2425"]
[BlackElo "2275"]

1.e4 e6 2.d4 d5 3.Nc3 Nf6 4.Bg5 Bb4 5.Ne2 dxe4 6.a3 Be7 7.Bxf6 Bxf6 8.Nxe4 O-O
9.f4 Bd7 10.g3 Bc6 11.Bg2 Be7 12.O-O Nd7 13.c4 Nf6 14.Nxf6+ Bxf6 15.Bxc6 bxc6
16.Rb1 Qd7 17.Rf3 Rfd8 18.Rd3 c5 19.d5 Qd6 20.Nc3 Bd4+ 21.Kf1 Bxc3 22.bxc3 g6
23.Qa4 Kg7 24.Rbd1 e5 25.fxe5 Qxe5 26.Qc6 Qd6 27.Qa4 Re8 28.Rf3 Re4 29.Qc6 Rb8
30.Kg1 Rb2 31.Rdf1 f5 32.R1f2 Rxf2 33.Kxf2 Qe7 34.Kg2 Re2+ 35.Kh3 h5 36.d6
cxd6 37.Rd3 g5 {#R} 0-1

[Event "Reykjavik Open 2017"]
[Site "Reykjavik ISL"]
[Date "2017.04.22"]
[Round "5.39"]
[White "Sundararajan,K"]
[Black "Spence,D"]
[Result "1-0"]
[WhiteElo "2422"]
[BlackElo "2168"]

1.Nf3 Nf6 2.c4 e6 3.Nc3 Bb4 4.Qc2 c5 5.a3 Ba5 6.e3 O-O 7.d4 d6 8.Be2 Nc6 9.O-O
a6 10.dxc5 dxc5 11.b3 Bc7 12.Bb2 h6 13.Nd2 b6 14.f4 Bb7 15.Nde4 Nxe4 16.Nxe4
f5 17.Ng3 Qe7 18.Bf3 g6 19.Rae1 Qf7 20.e4 Nd8 21.exf5 exf5 22.Qc3 Kh7 23.Re2
Bxf3 24.Qxf3 Ra7 25.h4 h5 26.Nxh5 Ne6 27.Rfe1 {#r} 1-0

[Event "Reykjavik Open 2017"]
[Site "Reykjavik ISL"]
[Date "2017.04.22"]
[Round "5.41"]
[White "Karavade,E"]
[Black "Birkisson,Bardur Orn"]
[Result "1-0"]
[WhiteElo "2405"]
[BlackElo "2146"]

1.c4 c6 2.Nf3 d5 3.g3 Nf6 4.Bg2 Bg4 5.Ne5 Be6 6.cxd5 Bxd5 7.Nf3 c5 8.Nc3 Bc6
9.O-O e6 10.d3 Be7 11.e4 O-O 12.Qe2 b6 13.Rd1 Bb7 14.d4 cxd4 15.Nxd4 Nfd7
16.Be3 Nc6 17.Ndb5 Rc8 18.Rd2 a6 19.Rad1 Ncb8 20.Nd6 Bxd6 21.Rxd6 Qc7 22.Bf4
e5 23.Be3 Nc5 24.Bh3 Rcd8 25.Rxd8 Rxd8 26.Rxd8+ Qxd8 27.Qc4 Qd6 28.Bxc5 bxc5
29.Qb3 Qc7 30.Nd5 c4 31.Qb4 Bxd5 32.exd5 g6 33.d6 Qd8 34.Qc5 f5 35.Qc7 Qe8
36.Bf1 Nd7 37.Bxc4+ Kg7 38.Bxa6 Kf6 39.Bb5 Ke6 40.a4 {#r} 1-0

[Event "Reykjavik Open 2017"]
[Site "Reykjavik ISL"]
[Date "2017.04.22"]
[Round "5.43"]
[White "Timmermans,M"]
[Black "Larson,G"]
[Result "1-0"]
[WhiteElo "2385"]
[BlackElo "2104"]

1.e4 c5 2.Nf3 Nc6 3.d4 cxd4 4.Nxd4 Qc7 5.Nb5 Qb8 6.g3 a6 7.N5c3 b5 8.Bf4 d6
9.Bg2 Bb7 10.O-O e6 11.Nd2 Nf6 12.a4 b4 13.Na2 a5 14.c3 Be7 15.cxb4 axb4
16.Nc4 e5 17.Bg5 Ba6 18.Bxf6 Bxc4 19.Bxg7 Rg8 20.Bh6 Nd4 21.Be3 b3 22.Nc3 Nc2
23.Rc1 Bg5 24.Qd2 Bxe3 25.fxe3 Bxf1 26.Bxf1 h5 27.Bb5+ Kf8 28.Nd5 Rg6 29.Qe2
Rg5 30.Rf1 Qa7 31.Qf3 f5 32.h4 {#r} 1-0

[Event "Reykjavik Open 2017"]
[Site "Reykjavik ISL"]
[Date "2017.04.22"]
[Round "5.44"]
[White "Henderson de La Fuente,Lance"]
[Black "Green,Per"]
[Result "1-0"]
[WhiteElo "2372"]
[BlackElo "1966"]

1.e4 e6 2.d4 d5 3.Nd2 Nf6 4.e5 Nfd7 5.Bd3 c5 6.c3 Nc6 7.Ne2 cxd4 8.cxd4 f6
9.Nf4 Nxd4 10.Qh5+ Ke7 11.exf6+ Nxf6 12.Ng6+ hxg6 13.Qxh8 Kf7 14.O-O e5 15.Nb3
Nc6 16.Bg5 Bf5 17.Bxf5 gxf5 18.Rac1 d4 19.Qh3 g6 20.Nc5 Bxc5 21.Qb3+ Qd5
22.Qxb7+ Ne7 23.Qxd5+ Nfxd5 24.Rxc5 Ke6 25.Rd1 Rb8 26.Bxe7 Nxe7 27.f4 exf4
28.b3 Kd6 29.Rc4 Nc6 30.Rdc1 Rb6 31.Rf1 Ra6 32.b4 Rb6 33.b5 Na5 34.Rxd4+ Ke5
35.Rb4 Rd6 36.Ra4 {#r} 1-0

[Event "Reykjavik Open 2017"]
[Site "Reykjavik ISL"]
[Date "2017.04.22"]
[Round "5.45"]
[White "Aradhya,Garg"]
[Black "Siddharth,Gopakumar"]
[Result "1-0"]
[WhiteElo "2315"]
[BlackElo "1826"]

1.d4 d5 2.c4 c6 3.Nf3 Nf6 4.e3 g6 5.Nc3 Bg7 6.Be2 O-O 7.O-O dxc4 8.Bxc4 Bg4
9.h3 Bxf3 10.Qxf3 Nbd7 11.Rd1 e5 12.d5 e4 13.Nxe4 Nxe4 14.Qxe4 Nb6 15.Rb1 Re8
16.Qc2 cxd5 17.Bb5 Rc8 18.Qb3 Re6 19.Bd2 a6 20.Be2 Nc4 21.Bb4 Qb6 22.Bg4 f5
23.Bf3 Nxe3 24.Re1 a5 25.Bd2 Qxb3 26.axb3 {#r} 1-0

[Event "Reykjavik Open 2017"]
[Site "Reykjavik ISL"]
[Date "2017.04.22"]
[Round "5.46"]
[White "Bergsson,St"]
[Black "Bjornsson,Si"]
[Result "0-1"]
[WhiteElo "2031"]
[BlackElo "2279"]

1.c4 e5 2.g3 Nf6 3.Bg2 h6 4.Nc3 Bb4 5.d3 O-O 6.Bd2 Re8 7.e4 Nc6 8.Nge2 Bf8
9.O-O d6 10.h3 a6 11.Be3 Rb8 12.a4 Nb4 13.f4 c6 14.a5 Nd7 15.Ra4 c5 16.f5 Be7
17.h4 Nf6 18.Bh3 Nh7 19.Kh2 b5 20.axb6 Rxb6 21.Qd2 Bd7 22.Rxb4 Rxb4 23.Nd5 Rb7
24.Bxh6 gxh6 25.Qxh6 Rxb2 26.Bg4 Bf8 27.Qc1 Qb8 28.Kh3 Bc6 29.Nec3 Bxd5
30.Nxd5 Qb3 31.Bd1 Qxd3 32.Ba4 Reb8 {#R} 0-1

[Event "Reykjavik Open 2017"]
[Site "Reykjavik ISL"]
[Date "2017.04.22"]
[Round "5.47"]
[White "Blomqvist,E"]
[Black "Savage,A"]
[Result "1-0"]
[WhiteElo "2548"]
[BlackElo "2067"]

1.Nf3 g6 2.e4 Bg7 3.d4 c5 4.dxc5 Qa5+ 5.c3 Qxc5 6.Na3 Nf6 7.Nb5 O-O 8.Be3 Qc6
9.Bd3 b6 10.O-O a6 11.Nbd4 Qc7 12.e5 Ng4 13.Bf4 Nxe5 14.Nf5 d6 15.Nxg7 Kxg7
16.Be4 Ra7 17.Qd2 Nxf3+ 18.Bxf3 Kg8 19.Rfe1 Bb7 20.Bh6 Re8 21.Qg5 Bxf3 22.Qf6
{#r} 1-0

[Event "Reykjavik Open 2017"]
[Site "Reykjavik ISL"]
[Date "2017.04.22"]
[Round "5.48"]
[White "Pigott,J"]
[Black "Arnarsson,H"]
[Result "1-0"]
[WhiteElo "2381"]
[BlackElo "2046"]

1.e4 e6 2.d4 d5 3.Nc3 dxe4 4.Nxe4 Nd7 5.Nf3 Ngf6 6.Bd3 c5 7.O-O Nxe4 8.Bxe4
Nf6 9.Bg5 cxd4 10.Nxd4 Be7 11.Bf3 O-O 12.Qd3 Qb6 13.a4 Rd8 14.Be3 e5 15.Nf5
Bxf5 16.Qxf5 Qc7 17.c3 g6 18.Qc2 Rac8 19.a5 b6 20.axb6 axb6 21.Ra6 Bc5 22.Bg5
Kg7 23.Qa4 h6 24.Bxf6+ Kxf6 25.Ra7 b5 26.Qh4+ {#r} 1-0

[Event "Reykjavik Open 2017"]
[Site "Reykjavik ISL"]
[Date "2017.04.22"]
[Round "5.49"]
[White "Maisuradze,N"]
[Black "Arnalds,S"]
[Result "1-0"]
[WhiteElo "2273"]
[BlackElo "2035"]

1.d4 Nf6 2.c4 g6 3.Nc3 d5 4.Bf4 Bg7 5.e3 O-O 6.cxd5 Nxd5 7.Nxd5 Qxd5 8.Bxc7
Nc6 9.Nf3 Bf5 10.Be2 Rac8 11.Bg3 Nb4 12.O-O Nxa2 13.Qa4 Be6 14.Nd2 a5 15.Bf3
Qf5 16.d5 Bxd5 17.e4 Bxe4 18.Bxe4 Qg5 19.Nf3 Qh5 20.Qxa2 b6 21.Rac1 Qb5 22.b3
Qb4 23.Qa4 Qxa4 24.bxa4 Bh6 25.Rc6 Rxc6 26.Bxc6 Rc8 27.Bb5 e6 28.Be5 Bf8
29.Rd1 h5 30.Bf6 Kh7 31.h4 {#r} 1-0

[Event "Reykjavik Open 2017"]
[Site "Reykjavik ISL"]
[Date "2017.04.22"]
[Round "5.51"]
[White "Saren,Bjorn"]
[Black "Plotkin,V"]
[Result "0-1"]
[WhiteElo "2067"]
[BlackElo "2243"]

1.e4 e5 2.f4 d5 3.exd5 exf4 4.Nf3 Nf6 5.Be2 Nxd5 6.c4 Ne7 7.Nc3 Ng6 8.d4 Bd6
9.h4 h5 10.Qd3 Nc6 11.Bd2 Bg4 12.O-O-O Qd7 13.Qe4+ Kf8 14.c5 Re8 15.Qd3 Be7
16.d5 Nce5 17.Nxe5 Nxe5 18.Qd4 Bxe2 19.Nxe2 Bf6 20.Nxf4 Qb5 21.Qb4 Qxb4
22.Bxb4 c6 23.Bc3 g5 24.hxg5 Bxg5 25.g3 f6 26.Kb1 Bxf4 27.gxf4 Ng4 28.dxc6
bxc6 29.Rd6 Kf7 30.Rxc6 h4 31.Ra6 h3 32.f5 Re7 33.Ra4 Nf2 34.Rh2 Ne4 35.Bd4
Nd2+ 36.Kc1 Nf3 37.Rh1 h2 38.Bc3 Rg8 39.Rd1 Rg1 {#R} 0-1

[Event "Reykjavik Open 2017"]
[Site "Reykjavik ISL"]
[Date "2017.04.22"]
[Round "5.52"]
[White "Ptacnikova,L"]
[Black "Zemlicka,V"]
[Result "1-0"]
[WhiteElo "2242"]
[BlackElo "1984"]

1.c4 Nf6 2.g3 g6 3.Bg2 Bg7 4.Nc3 O-O 5.d3 d6 6.e4 c5 7.Nge2 Nc6 8.O-O a6 9.h3
Rb8 10.f4 Ne8 11.f5 b5 12.g4 bxc4 13.dxc4 Nd4 14.Kh1 e6 15.Nxd4 Bxd4 16.Qf3
Nc7 17.Bh6 Bg7 18.Bxg7 Kxg7 19.f6+ Kh8 20.b3 Bb7 21.Rad1 Qd7 22.g5 e5 23.h4
Rbd8 24.Bh3 Qe8 25.Rd3 Ne6 26.Bxe6 Qxe6 27.Rfd1 Rd7 28.Kh2 Rc8 29.Kg3 Kg8
30.R1d2 Bc6 31.Qd1 Rcd8 32.h5 h6 33.Nd5 Bxd5 34.cxd5 Qe8 35.Qg4 Rb7 36.Rh2 Qd7
37.hxg6 Qxg4+ 38.Kxg4 fxg6 39.Rxh6 Rh7 40.Rxh7 Kxh7 41.Rh3+ Kg8 42.Rh6 {#r}
1-0

[Event "Reykjavik Open 2017"]
[Site "Reykjavik ISL"]
[Date "2017.04.22"]
[Round "5.55"]
[White "Della Pietra,A"]
[Black "Byrne,Alex"]
[Result "1-0"]
[WhiteElo "2228"]
[BlackElo "1976"]

1.d4 Nf6 2.c4 g6 3.Nc3 Bg7 4.e4 d6 5.Nge2 O-O 6.Ng3 h5 7.Be2 c5 8.d5 Nbd7
9.O-O a6 10.a4 Nh7 11.Be3 Ne5 12.h3 h4 13.Nh1 f5 14.f4 Nf7 15.Bd3 Qb6 16.Qe2
Nh6 17.e5 dxe5 18.fxe5 Nf7 19.a5 Qd8 20.e6 Ne5 21.Bc2 b5 22.axb6 Qxb6 23.Na4
Qb4 24.Rf4 Bb7 25.Bxc5 Qa5 26.Bxe7 Rfe8 27.Bc5 Rac8 28.b4 Qd8 29.Re1 Qg5
30.Be3 Bh6 31.Re4 Qf6 32.Rxe5 Qxe5 33.Bxh6 Qd4+ 34.Nf2 Qxc4 35.Qe5 Rc7 36.d6
Qc6 37.Ne4 Qxc2 38.dxc7 Re7 39.Qd6 Qxc7 40.Qxc7 Rxc7 41.Nd6 Bd5 42.e7 {#r} 1-0

[Event "Reykjavik Open 2017"]
[Site "Reykjavik ISL"]
[Date "2017.04.22"]
[Round "5.57"]
[White "Ristoja,S"]
[Black "Mai,Aron Thor"]
[Result "1-0"]
[WhiteElo "2228"]
[BlackElo "1956"]

1.d4 Nf6 2.Nc3 d5 3.Nf3 Bf5 4.Bf4 c6 5.e3 e6 6.Ne5 Nbd7 7.g4 Bg6 8.h4 h6
9.Nxg6 fxg6 10.Qd3 Kf7 11.Bh3 Nh7 12.g5 hxg5 13.hxg5 Be7 14.Bxe6+ Kxe6 15.Rxh7
Rxh7 16.Qxg6+ Nf6 17.gxf6 Rh1+ 18.Kd2 Rxa1 19.fxe7+ Kxe7 20.Bg5+ Kf8 21.Bxd8
Rxd8 22.Ne2 Rh1 23.Nf4 Rd7 24.Ne6+ Ke7 25.Nxg7 Rh2 26.Qg5+ {#r} 1-0

[Event "Reykjavik Open 2017"]
[Site "Reykjavik ISL"]
[Date "2017.04.22"]
[Round "5.59"]
[White "Doknjas,John"]
[Black "Meyer,Juergen"]
[Result "1-0"]
[WhiteElo "2216"]
[BlackElo "1944"]

1.d4 f5 2.g3 Nf6 3.Bg2 g6 4.Nf3 Bg7 5.O-O O-O 6.b3 Ne4 7.Bb2 d6 8.Nbd2 Nc6
9.Nxe4 fxe4 10.Ne1 d5 11.c4 dxc4 12.e3 Be6 13.Bxe4 cxb3 14.axb3 Bd5 15.Bxd5+
Qxd5 16.Nd3 Rfe8 17.Rc1 Rad8 18.Nc5 Na5 19.Bc3 b6 20.Bxa5 bxc5 21.Rxc5 Qxc5
22.dxc5 Rxd1 23.Rxd1 Rb8 24.Bxc7 Rxb3 25.Rc1 Bc3 26.c6 Kf7 27.Bf4 {#r} 1-0

[Event "Reykjavik Open 2017"]
[Site "Reykjavik ISL"]
[Date "2017.04.22"]
[Round "5.61"]
[White "Walton,A"]
[Black "Agustsson,H"]
[Result "1-0"]
[WhiteElo "2199"]
[BlackElo "1921"]

1.d4 d5 2.c4 e6 3.Nc3 Be7 4.Nf3 Nf6 5.e3 O-O 6.Qc2 c5 7.cxd5 exd5 8.dxc5 Bxc5
9.Be2 Be6 10.O-O Qe7 11.a3 a6 12.b4 Bd6 13.Bb2 Nbd7 14.e4 Rac8 15.exd5 Nxd5
16.Qd2 N7f6 17.Nxd5 Nxd5 18.Qd4 Qf6 19.Qxf6 Nxf6 20.Nd4 Bc4 21.Bxc4 Rxc4
22.Nf5 Bb8 23.g3 g6 24.Ne7+ {#r} 1-0

[Event "Reykjavik Open 2017"]
[Site "Reykjavik ISL"]
[Date "2017.04.22"]
[Round "5.62"]
[White "Sigurjonsson,Si"]
[Black "Mesman,Edwyn"]
[Result "1-0"]
[WhiteElo "1997"]
[BlackElo "2199"]

1.Nf3 Nf6 2.c4 g6 3.b4 Bg7 4.Bb2 O-O 5.g3 d5 6.cxd5 Nxd5 7.Bxg7 Kxg7 8.Qb3 Qd6
9.Qb2+ Kg8 10.a3 a5 11.b5 Bg4 12.Bg2 Nd7 13.d4 Rfe8 14.Nbd2 N5b6 15.O-O e5
16.Ne4 Qe7 17.Nxe5 Nxe5 18.dxe5 Nc4 19.Qc3 Nxe5 20.f4 f5 21.Ng5 Qf6 22.Bd5+
Kg7 23.Qxc7+ Re7 24.Qc2 h6 25.Ne6+ Kh7 26.fxe5 Qxe5 27.Qb3 Bxe2 28.Rae1 Rc8
29.Rf2 Rxe6 30.Bxe6 Rc3 31.Rexe2 Rc1+ 32.Kg2 Qa1 33.Bxf5 Rg1+ 34.Kh3 Rxg3+
35.Kxg3 {#r} 1-0